Biggest Trading Partners - Singapore - Statistics

General Stats
  • This quiz has been taken 739 times
  • The average score is 18 of 20
Answer Stats
Imports Answer % Correct
40.38 bil China
99%
84.45 bil China
99%
30.73 bil United States of America
99%
22.66 bil United States of America
99%
13.47 bil Indonesia
97%
25.78 bil Indonesia
97%
32.26 bil Malaysia
97%
35.01 bil Malaysia
97%
9.84 bil India
94%
19.90 bil Japan
93%
14.57 bil Japan
93%
12.99 bil Thailand
91%
17.00 bil South Korea
90%
14.51 bil South Korea
90%
11.35 bil Vietnam
87%
8.69 bil Germany
86%
8.55 bil France
85%
23.30 bil Taiwan
83%
14.73 bil Taiwan
83%
8.11 bil Saudi Arabia
57%
No matching quizzes found
Score Distribution
Percent of People with Each Score
Percentile by Number Answered
Your Score History
You have not taken this quiz